| 000 | 00809nam a22002057a 4500 | ||
|---|---|---|---|
| 010 | _aA-062408 | ||
| 020 | _c25.00 | ||
| 035 | _aA-062408 | ||
| 037 | _bCen Lib / Ret | ||
| 040 |
_aDPL _bEN |
||
| 082 |
_a631.80754 _bFER |
||
| 245 |
_aFAI Seminar 1980 on Fertilisers in India in the Eighties : _bproceedings of the seminar held at New Delhi from December 4-6, 1980 / _cby The Fertiliser Association of India |
||
| 260 |
_aNew Delhi _bThe Fertiliser Association of India _c1981 |
||
| 270 |
_aNear Jawaharlal Nehru University _bNew Delhi _e110067 |
||
| 300 |
_aPt 1. Various pages _c24cm(Hb) |
||
| 650 |
_aFertilizer industry -- India. _9140754 |
||
| 650 |
_aFertilizer industry -- Congresses. _9140755 |
||
| 650 |
_aFertilizers -- Congresses. _9140756 |
||
| 942 |
_2ddc _cEN _h631.80754 _mFER |
||
| 999 |
_c136294 _d136294 |
||